00389nam a2200133 a 4500008004100000020001500041050001800056100002000074245004700094260005000141300001500191350000900206650004000215120416s1970 ||||||||||||||||| || u a0435833510 aDT 434.K4 Ger aGertzel, Cherry14aThe Politics of independent Kenya, 1963-8  aNairobi:bEast African Publishing Housec1970 axii, 180p. a0.00 aKENYA--POLITICS AND GOVERNMENT-1963